000 00921nam a2200241 i 4500
001 bg
245 0 0 _aKomentarz do kodeksu cywilnego.
_nKs. 3,
_nT. 1,
_pZobowiązania /
_cGerard Bieniek [et al.] ; pod red. Gerarda Bieńka.
250 _aWyd. 5, stan prawny na 15 czerwca 2003 r.
260 _aWarszawa :
_bWydaw. Prawnicze "LexisNexis",
_c2003.
300 _a621 s. ;
_c25 cm.
500 _aUwzględnia zmiany wchodzące w życie 25 września 2003 r.
504 _aBibliogr. przy rozdz.
650 9 _aPrawo zobowiązaniowe
_zPolska
_ystan na 2003 r.
700 1 _aBIENIEK, Gerard
_d(1941-2011).
_eRed.
020 _a8373342168 (t. 12)
040 _cBPK
041 0 _apol
080 _a347.41/.43(438)
920 _a83-7334-216-8 (t. 1-2)
942 _cKS
008 s pl f |000 0 pol
999 _c43293
_d43293
856 _uhttp://koha.tu.koszalin.pl/cgi-bin/koha/opac-detail.pl?biblionumber=43293
_yKatalog online BPK